000 01048cam a22003134a 4500
008
020 _a0443101051 (pbk.)
049 _aMAIN
090 _aRT98
_bHEA
245 0 0 _aHealth visiting :
_bspecialist community public health nursing /
_cedited by Anne Robotham, Marion Frost ; foreword by Alison Norman.
250 _a2nd ed.
260 _aEdinburgh :
_bElsevier Churchill Livingstone,
_cc2005.
300 _axii, 432 p. :
_bill. ;
_c25 cm.
500 _aIncludes index.
504 _aIncludes bibliographical references (p. 397419).
650 0 _aCommunity health nursing.
650 0 _aCommunity health nursing
_zGreat Britain.
650 1 2 _aHome Care Services.
650 2 2 _aCommunity Health Nursing.
650 2 2 _aProfessional Competence.
650 2 2 _aPublic Health Nursing.
700 1 _aRobotham, Anne.
700 1 _aFrost, Marion,
_d1948-
907 _a.b10331803
_b03-06-13
_c03-06-13
003
005 20230120204125.0
040 _cNUST
942 _cBOOKS
_kRT98
_mHEA
999 _c117535
_d117535